| 000 | 00917nam a22002895a 4500 | ||
|---|---|---|---|
| 001 | 17883469 | ||
| 005 | 20170122112354.0 | ||
| 008 | 130912s2016 nyua frb 001 0 eng d | ||
| 020 | _a1681170353 | ||
| 020 | _a9781681170350 | ||
| 040 |
_aEG-ScBUE _beng _cEG-ScBUE _dDLC |
||
| 082 | 0 | 4 |
_a665.533 _222 _bPET |
| 245 | 0 | 0 |
_aPetroleum radiation processing / _cEditor, Manoj Karkare. |
| 260 |
_aValley Cottage, New York : _bSCITUS Aademics LLC, _cc.2016. |
||
| 300 |
_a304 p. : _bill. ; _c19 cm. |
||
| 500 | _aIndex : p. 299-304. | ||
| 504 | _aIncludes bibliographical references. | ||
| 590 | _aWessam | ||
| 650 | 7 |
_aCracking process. _2BUEsh _941786 |
|
| 650 | 7 |
_aRadiation chemistry. _2BUEsh _941785 |
|
| 651 | _2BUEsh | ||
| 653 |
_bENGGEN _cAugust2015 |
||
| 653 |
_bENGGEN _cNovember2015 |
||
| 653 |
_bENGPET _cJanuary2017 |
||
| 700 | 1 |
_aKarkare, Manasi Manojā _941752 _eeditor. |
|
| 942 |
_2ddc _e22 _k665.533 PET |
||
| 999 |
_c23989 _d23961 |
||